000 00692nam a2200229Ia 4500
008 131103s9999 xx 000 0 und d
020 _a70593698
_cRs 299
040 _aLoreto College
041 _aEnglish
082 _a005.13(C)/GOT
_bLCLIB/45764,46056
100 _aGottfried, Byron S.
245 _aProgramming with C
_cByron S. Gottfried and Jitender Kumar Chhabra
250 _a2nd ed
260 _aNew Delhi
_bTata McGraw-Hill Publishing Company Limited
_c2006
300 _axiv
_c 24 cm
440 _aSchaum's Outlines
504 _aIncludes index
650 _aC Programming Language
700 _aChhabra, Jitender Kumar
850 _aLCLIB/005.13(C)/GOT
942 _cBK
999 _c16590
_d67069